000 00560nam a2200229Ia 4500
003 GCL
008 140319s9999 xx 000 0 eng d
040 _aGCL /
_cGCL
082 0 4 _aCC
_b916.202
_bB E
100 1 _aHUSSON, EVELYNE
245 1 0 _aEGYPTE /
_cHUSSON, EVELYNE
700 1 _aBANNET, MARIE- FRANCE
260 _a[S.N] :
_bGUIDE ARTHAUD ،
_c1988
300 _a349 P
650 0 4 _aMUSEUMS
650 0 4 _aISLAM - ARCHAEOLOGY
650 0 4 _aANCIENT EGYPT
650 0 4 _aCAIRO
650 0 4 _aMODERN EGYPT
650 0 4 _aPYRAMIDS
942 _2ddc
_cBK
999 _c11670
_d11670